France VS Russie - Statistiques

Statistiques générales
  • Ce quiz a été pris 278 fois
  • Le résultat moyen est 11 sur 20
Statistiques - réponses
Hint Réponse % Correct
A la monnaie la plus forte France
89%
Soutient le régime de Bachar al-Assad Russie
86%
Est en différend territorial avec le Japon Russie
84%
Est le moins densément peuplé Russie
80%
A le plus de pays qui parle sa langue France
74%
A le plus de frontières Russie
74%
A un arsenal nucléaire Les deux
73%
A obtenu le plus de prix Nobel France
64%
Est le plus jeune Russie
58%
A le plus d'îles France
57%
Sa métropole est la plus au Sud France
57%
A le plus de régions Russie
52%
Exporte plus vers l'autre qu'il n'en importe Russie
47%
A lancé une fusée en dernier Russie
42%
Est déjà intervenu militairement en Crimée Les deux
38%
Est le plus proche du Canada France
36%
A occupé la plus grande superficie de l'Allemagne France
33%
A déjà changé de drapeau pour revenir à l'ancien Les deux
31%
Revendique un territoire en Antarctique France
25%
A développé la bombe H avant 1968 France
12%
Aucun quiz correspondant
Distribution des résultats
% des personnes avec chaque résultat
Percentile par nombre de réponses
Votre historique - résultats
Vous n’avez pas pris ce quiz